Ανώτατη εκπαίδευση : πανεπιστήμια και τεχνολογικά εκπαιδευτικά ιδρύματα της Ελλάδας = Higher education : universities technological educational institutions in Greece

Αποθηκεύτηκε σε:
Λεπτομέρειες βιβλιογραφικής εγγραφής
Συγγραφή απο Οργανισμό/Αρχή: Ελληνική Δημοκρατία Υπουργείο Εθνικής Παιδείας και Θρησκευμάτων Δ/νση Διεθνών Εκπαιδευτικών Σχέσεων, Τμήμα Β'
Άλλοι συγγραφείς: Καβουκόπουλος, Φώτης Α. (Επιμελητής έκδοσης)
Μορφή: Βιβλίο
Γλώσσα:Greek
English
Δημοσίευση: Αθήνα : Υπουργείο Εθνικής Παιδείας και Θρησκευμάτων, 2005.
Θέματα:
Ετικέτες: Προσθήκη ετικέτας
Δεν υπάρχουν, Καταχωρήστε ετικέτα πρώτοι!

MARC

LEADER 00000cam a2200000 i 4500
001 1/101155
008 050823s2005####gr | ||| |||| ||gre||
020 |a 960-87088-1-8 
035 |l 10103145 
041 0 |a gre  |a eng 
082 0 |a 378.495  |2 (22) 
245 1 0 |a Ανώτατη εκπαίδευση :   |b πανεπιστήμια και τεχνολογικά εκπαιδευτικά ιδρύματα της Ελλάδας = Higher education : universities technological educational institutions in Greece /   |c Ελληνική Δημοκρατία. Υπουργείο Εθνικής Παιδείας και Θρησκευμάτων ; επιμέλεια έκδοσης: Φώτης Καβουκόπουλος.  
246 1 |i Παράλληλος τίτλος:   |a Higher education :   |b universities and technological educational institutions in Greece  
260 |a Αθήνα :   |b Υπουργείο Εθνικής Παιδείας και Θρησκευμάτων,   |c 2005.  
300 |a 320 σ. ;   |c 21 εκ.  
650 0 0 |a Universities and colleges  |z Greece  |x Directories. 
650 0 0 |a Education, Higher  |x Directories  |z Greece. 
700 1 |a Καβουκόπουλος, Φώτης Α.  |e edt 
710 2 |a Ελληνική Δημοκρατία  |b Υπουργείο Εθνικής Παιδείας και Θρησκευμάτων  |b Δ/νση Διεθνών Εκπαιδευτικών Σχέσεων, Τμήμα Β'. 
852 |a INST  |b CHIOS  |e 20050823  |h 378.025 ΥΠΟ  |p 005200024883  |q 005200024883  |t REF  |y 23 
852 |a INST  |b SYROS  |e 20090212  |h 378.495 ΑΝΩ  |p 005500008669  |q 005500008669  |t REF  |y 23 
901 |a BIBL5-2009-1 
901 |a BIBL2-2005-2 
909 |a Ε  |b 154537 
909 |a Χ  |b 119428 
970 |a Χαζίρη  |b Άννα  |z 2005/08/22